[Event "Pilsen Region-chT 2223"]
[Site "Czech Republic"]
[Date "2023.02.26"]
[Round "9.2"]
[White "Turner, Radek"]
[Black "Svoboda, Milos"]
[Result "1/2-1/2"]
[WhiteElo "2000"]
[BlackElo "2095"]
[PlyCount "84"]
[EventDate "2022.10.09"]
[EventType "team-tourn"]
[EventRounds "11"]
[EventCountry "CZE"]
[SourceTitle "EXT 2024"]
[Source "ChessBase"]
[SourceDate "2023.10.10"]
[SourceVersion "1"]
[SourceVersionDate "2023.10.10"]
[SourceQuality "1"]
[WhiteTeam "Line IV"]
[BlackTeam "Plzen Letna"]
[WhiteTeamCountry "CZE"]
[BlackTeamCountry "CZE"]

1. c4 f5 2. g3 Nf6 3. Bg2 e5 4. d4 e4 5. Nc3 d5 6. cxd5 Nxd5 7. Nh3 Nxc3 8. bxc3 Be6 9. Qa4+ Qd7 10. Qxd7+ Nxd7 11. f3 Nf6 12. fxe4 Nxe4 13. Ng5 Bd5 14. Nxe4 fxe4 15. Bf4 Bd6 16. 0-0 0-0 17. e3 Bxf4 18. Rxf4 Rxf4 19. gxf4 Rb8 20. a4 a5 21. Bf1 Kf7 22. Rb1 Bc6 23. Bb5 Bd5 24. c4 Be6 25. d5 Bf5 26. c5 Ke7 27. Bc4 b6 28. d6+ cxd6 29. cxb6 Bd7 30. Bd5 Bxa4 31. b7 Bd7 32. Bxe4 a4 33. Rb6 Be6 34. Ra6 d5 35. Bxh7 Rxb7 36. Rxa4 Kf6 37. Ra6 Ke7 38. f5 Bf7 39. Bg6 Bxg6 40. Rxg6 Kf7 41. Rd6 Re7 42. Rxd5 Rxe3 1/2-1/2

[Event "CZE-chT2A 0910"]
[Site "Czech Republic"]
[Date "2009.10.18"]
[Round "1.2"]
[White "Svoboda, Milos"]
[Black "Jaros, Martin"]
[Result "1-0"]
[WhiteElo "2187"]
[BlackElo "2232"]
[PlyCount "85"]
[EventDate "2009.10.18"]
[EventType "team-tourn"]
[EventRounds "11"]
[EventCountry "CZE"]
[SourceTitle "EXT 2012"]
[Source "ChessBase"]
[SourceDate "2011.11.24"]
[SourceVersion "1"]
[SourceVersionDate "2011.11.24"]
[SourceQuality "1"]
[WhiteTeam "Line"]
[BlackTeam "Plzen Sokol"]
[WhiteTeamCountry "CZE"]
[BlackTeamCountry "CZE"]

1. d4 Nf6 2. g3 g6 3. Bg2 Bg7 4. e4 d6 5. Ne2 0-0 6. 0-0 e5 7. c4 c6 8. Nbc3 Qb6 9. d5 c5 10. h3 Nbd7 11. g4 Qd8 12. Ng3 Ne8 13. Be3 Bf6 14. Qd2 Bh4 15. a3 f6 16. b4 Bg5 17. Nce2 Bxe3 18. Qxe3 a5 19. bxa5 Qxa5 20. Rfb1 Nc7 21. Nc3 b6 22. Bf1 Ba6 23. Rb3 Kg7 24. Bd3 Rab8 25. Rab1 Rb7 26. g5 Rbb8 27. h4 Rf7 28. gxf6+ Nxf6 29. Qg5 Bc8 30. h5 Qa7 31. Kg2 Nce8 32. Rh1 Ng8 33. hxg6 hxg6 34. Nf5+ Kf8 35. Nh6 Rg7 36. Nxg8 Kxg8 37. Rh6 Qf7 38. Na4 Nf6 39. Rxb6 Rxb6 40. Nxb6 Ba6 41. a4 Kf8 42. Rh8+ Ke7 43. Ra8 1-0

[Event "CZE-chT1W 0809"]
[Site "Czech Republic"]
[Date "2009.03.29"]
[Round "11.6"]
[White "Hosek, Milan"]
[Black "Svoboda, Milos"]
[Result "1/2-1/2"]
[WhiteElo "2302"]
[BlackElo "2180"]
[PlyCount "31"]
[EventDate "2008.10.19"]
[EventType "team-tourn"]
[EventRounds "11"]
[EventCountry "CZE"]
[SourceTitle "EXT 2010"]
[Source "ChessBase"]
[SourceDate "2010.11.25"]
[SourceVersion "1"]
[SourceVersionDate "2010.11.25"]
[SourceQuality "1"]
[WhiteTeam "Polabiny"]
[BlackTeam "Plzen"]
[WhiteTeamCountry "CZE"]
[BlackTeamCountry "CZE"]

1. e4 e5 2. Nf3 Nc6 3. Bb5 a6 4. Ba4 Nf6 5. Bxc6 dxc6 6. d3 Bd6 7. b3 Qe7 8. Bb2 Bd7 9. Nbd2 b5 10. a4 0-0 11. 0-0 c5 12. Qe2 Rfb8 13. Bc3 Nh5 14. g3 g6 15. Qe3 Rf8 16. Qh6 1/2-1/2

[Event "CZE-chT1W 0809"]
[Site "Czech Republic"]
[Date "2009.03.15"]
[Round "10.4"]
[White "Svoboda, Milos"]
[Black "Bujnoch, Radek"]
[Result "0-1"]
[WhiteElo "2180"]
[BlackElo "2233"]
[PlyCount "56"]
[EventDate "2008.10.19"]
[EventType "team-tourn"]
[EventRounds "11"]
[EventCountry "CZE"]
[SourceTitle "EXT 2010"]
[Source "ChessBase"]
[SourceDate "2010.11.25"]
[SourceVersion "1"]
[SourceVersionDate "2010.11.25"]
[SourceQuality "1"]
[WhiteTeam "Plzen"]
[BlackTeam "Chrudim"]
[WhiteTeamCountry "CZE"]
[BlackTeamCountry "CZE"]

1. e4 c5 2. c4 Nc6 3. g3 g6 4. Bg2 Bg7 5. Ne2 e6 6. Nbc3 Nge7 7. 0-0 0-0 8. d3 d6 9. f4 a6 10. Be3 Nd4 11. Bf2 Nec6 12. Nxd4 Nxd4 13. Ne2 Nxe2+ 14. Qxe2 Qc7 15. g4 f5 16. Rab1 fxg4 17. Qxg4 e5 18. f5 gxf5 19. Qg5 f4 20. Qh5 Bd7 21. Bh3 Rf6 22. Bxd7 Qxd7 23. Kh1 Rh6 24. Qf3 Rh3 25. Qe2 Rf8 26. Bg1 f3 27. Qd2 Qg4 28. Be3 Qg2+ 0-1

[Event "CZE-chT1W 0708"]
[Site "Czech Republic"]
[Date "2008.02.10"]
[Round "7.5"]
[White "Svoboda, Milos"]
[Black "Pilar, Miloslav"]
[Result "1/2-1/2"]
[WhiteElo "2176"]
[BlackElo "2273"]
[PlyCount "70"]
[EventDate "2007.10.28"]
[EventType "team"]
[EventRounds "11"]
[EventCountry "CZE"]
[SourceTitle "EXT 2009"]
[Source "ChessBase"]
[SourceDate "2008.11.26"]
[SourceVersion "1"]
[SourceVersionDate "2008.11.26"]
[SourceQuality "1"]
[WhiteTeam "Plzen II"]
[BlackTeam "Vysehrad"]
[WhiteTeamCountry "CZE"]
[BlackTeamCountry "CZE"]

1. e4 e6 2. d3 d5 3. Nd2 Nf6 4. Qe2 Be7 5. g3 b6 6. Bg2 Bb7 7. f4 c5 8. c3 Nc6 9. Ngf3 Qc7 10. 0-0 0-0-0 11. a4 h6 12. Nb3 a5 13. Bd2 dxe4 14. dxe4 Nb8 15. Ne5 Ba6 16. Nc4 Rd7 17. Be1 Rhd8 18. Nc1 Qa7 19. b3 Ne8 20. e5 Bb7 21. b4 Bxg2 22. Qxg2 cxb4 23. Bf2 Bc5 24. cxb4 axb4 25. a5 bxa5 26. Rxa5 Bxf2+ 27. Qxf2 Qxf2+ 28. Kxf2 Rc7 29. Ne3 Rd2+ 30. Ne2 Nc6 31. Ra8+ Kd7 32. Nc4 Rd3 33. Nb6+ Ke7 34. Nc8+ Kd7 35. Nb6+ Ke7 1/2-1/2

[Event "CZE-chT1W 0708"]
[Site "Czech Republic"]
[Date "2007.11.11"]
[Round "2.5"]
[White "Rosko, Lubos"]
[Black "Svoboda, Milos"]
[Result "1-0"]
[WhiteElo "2232"]
[BlackElo "2176"]
[PlyCount "79"]
[EventDate "2007.10.28"]
[EventType "team"]
[EventRounds "11"]
[EventCountry "CZE"]
[SourceTitle "EXT 2009"]
[Source "ChessBase"]
[SourceDate "2008.11.26"]
[SourceVersion "1"]
[SourceVersionDate "2008.11.26"]
[SourceQuality "1"]
[WhiteTeam "Polabiny"]
[BlackTeam "Plzen II"]
[WhiteTeamCountry "CZE"]
[BlackTeamCountry "CZE"]

1. d4 d5 2. c4 e6 3. Nc3 Nf6 4. Nf3 a6 5. cxd5 exd5 6. Bg5 Be7 7. e3 0-0 8. Bd3 c6 9. Qc2 Nbd7 10. 0-0 Re8 11. Rae1 Nf8 12. Ne5 N6d7 13. Bf4 Nxe5 14. Bxe5 Bd6 15. Bxd6 Qxd6 16. e4 dxe4 17. Nxe4 Qd8 18. Ng5 g6 19. Rxe8 Qxe8 20. Bc4 Be6 21. Re1 Qd7 22. Nxe6 fxe6 23. Re4 Re8 24. h4 Re7 25. Qe2 Rf7 26. Rxe6 Nxe6 27. Qxe6 Kg7 28. Qxf7+ Qxf7 29. Bxf7 Kxf7 30. Kf1 Ke6 31. Ke2 Kf5 32. Kf3 h5 33. b4 b6 34. a4 a5 35. bxa5 bxa5 36. Ke3 Kg4 37. Ke4 Kxh4 38. Kf4 g5+ 39. Kf5 g4 40. Kf4 1-0

[Event "CZE-chT1W 0607"]
[Site "Czech Republic"]
[Date "2006.12.10"]
[Round "4.7"]
[White "Svoboda, Milos"]
[Black "Markovic, Milan2222"]
[Result "1-0"]
[WhiteElo "2184"]
[BlackElo "2211"]
[PlyCount "37"]
[EventDate "2006.10.29"]
[EventType "team"]
[EventRounds "11"]
[EventCountry "CZE"]
[SourceTitle "EXT 2009"]
[Source "ChessBase"]
[SourceDate "2008.11.26"]
[SourceVersion "1"]
[SourceVersionDate "2008.11.26"]
[SourceQuality "1"]
[WhiteTeam "Plzen II"]
[BlackTeam "Vrsovice"]
[WhiteTeamCountry "CZE"]
[BlackTeamCountry "CZE"]

1. d4 b6 2. e4 Bb7 3. Bd3 e6 4. Nf3 Nf6 5. Qe2 d5 6. e5 Nfd7 7. Bf4 c5 8. c3 Nc6 9. Nbd2 Be7 10. h3 cxd4 11. Nxd4 Nc5 12. Bb1 Bg5 13. Nxc6 Bxc6 14. Bh2 d4 15. Nc4 d3 16. Qd1 Qd5 17. Nd6+ Kf8 18. Qh5 d2+ 19. Kd1 1-0

[Event "CZE-chT1W 0607"]
[Site "Czech Republic"]
[Date "2006.11.12"]
[Round "2.8"]
[White "Plesek, Jiri"]
[Black "Svoboda, Milos"]
[Result "1-0"]
[WhiteElo "2155"]
[BlackElo "2184"]
[PlyCount "103"]
[EventDate "2006.10.29"]
[EventType "team"]
[EventRounds "11"]
[EventCountry "CZE"]
[SourceTitle "EXT 2009"]
[Source "ChessBase"]
[SourceDate "2008.11.26"]
[SourceVersion "1"]
[SourceVersionDate "2008.11.26"]
[SourceQuality "1"]
[WhiteTeam "Praha Pankrac"]
[BlackTeam "Plzen II"]
[WhiteTeamCountry "CZE"]
[BlackTeamCountry "CZE"]

1. d4 d5 2. Bg5 Nd7 3. c4 c6 4. cxd5 cxd5 5. Nc3 Ngf6 6. Nf3 e6 7. e3 Be7 8. Bd3 a6 9. 0-0 b5 10. Ne5 Nxe5 11. dxe5 Nd7 12. Bxe7 Qxe7 13. f4 f6 14. e4 0-0 15. exd5 fxe5 16. d6 Qd8 17. Qc2 h6 18. Qe2 Bb7 19. fxe5 Qg5 20. Rae1 Rxf1+ 21. Rxf1 Qxe5 22. Qxe5 Nxe5 23. Be4 Bxe4 24. Nxe4 Re8 25. b3 Ng4 26. Rc1 Nf6 27. Nxf6+ gxf6 28. Rc6 a5 29. Kf2 Kf7 30. Ke3 e5 31. Ke4 Rg8 32. Kd5 Rxg2 33. Rc7+ Kg6 34. Ke6 e4 35. d7 Rd2 36. Rc2 Rxc2 37. d8Q Rf2 38. Qg8+ Kh5 39. Qg3 Rf3 40. Qe1 f5 41. Qxa5 Kg4 42. Qxb5 e3 43. Qe2 Kf4 44. Qc4+ Kg5 45. a4 Rf2 46. Qc5 Rf3 47. Qe5 Kg4 48. a5 Rf4 49. Kf6 Kf3 50. a6 e2 51. a7 Re4 52. a8Q 1-0

[Event "CZE-chT2a 0405"]
[Site "Czech Republic"]
[Date "2004.11.21"]
[Round "3.2"]
[White "Svoboda, Milos"]
[Black "Cedikova, Katerina"]
[Result "1-0"]
[WhiteElo "2202"]
[BlackElo "2263"]
[PlyCount "135"]
[EventDate "2004.10.17"]
[EventType "team"]
[EventRounds "11"]
[EventCountry "CZE"]
[SourceTitle "EXT 2007"]
[Source "ChessBase"]
[SourceDate "2006.11.23"]
[SourceVersion "1"]
[SourceVersionDate "2006.11.23"]
[SourceQuality "1"]
[WhiteTeam "Plzen Letna"]
[BlackTeam "Klatovy"]
[WhiteTeamCountry "CZE"]
[BlackTeamCountry "CZE"]

1. d4 Nf6 2. Bf4 g6 3. h3 Bg7 4. Nf3 0-0 5. e3 c5 6. c3 b6 7. Bc4 Bb7 8. Nbd2 d6 9. 0-0 Nbd7 10. Re1 Rc8 11. Bb3 a6 12. e4 c4 13. Bxc4 Nxe4 14. Qe2 Nxd2 15. Nxd2 e5 16. Be3 b5 17. Bb3 Kh8 18. f4 Qh4 19. Rf1 Rce8 20. dxe5 dxe5 21. f5 Qf6 22. Qg4 Qc6 23. Rf2 Bc8 24. Qh4 Nf6 25. fxg6 fxg6 26. Raf1 Bb7 27. Qg5 Nd7 28. Bf7 Rc8 29. h4 Nc5 30. h5 gxh5 31. Qxh5 Nd3 32. Rf3 Nf4 33. Bxf4 exf4 34. Bb3 Qb6+ 35. R3f2 Rcd8 36. Nf3 Qh6 37. Qxh6 Bxh6 38. Nd4 Rf6 39. Ne6 Rd6 40. Nxf4 Bxf4 41. Rxf4 Rd2 42. R4f2 Rdxf2 43. Rxf2 Kg7 44. g3 Bc6 45. Rxf6 Kxf6 46. Kf2 Ke5 47. Ke3 h6 48. Bd1 Be4 49. a4 bxa4 50. Bxa4 a5 51. Bb5 Bf5 52. Bd3 Bd7 53. Ba6 Bc6 54. Kd3 Kd5 55. Bc4+ Ke5 56. Bf7 Bb5+ 57. c4 Bc6 58. Kc3 Bd7 59. Bd5 Be8 60. Bf3 Ba4 61. Bb7 Bd7 62. Ba6 Bc6 63. Bb5 Bb7 64. Kb3 Ke4 65. Ka4 Kf3 66. Bd7 Kxg3 67. c5 h5 68. c6 1-0

[Event "CZE-chT2J 0203"]
[Site "Czech Republic"]
[Date "2003.??.??"]
[Round "2"]
[White "Soukup, Jiri"]
[Black "Svoboda, Milos"]
[Result "0-1"]
[WhiteElo "2155"]
[BlackElo "2221"]
[PlyCount "118"]
[EventDate "2002.10.??"]
[EventType "team"]
[EventRounds "11"]
[EventCountry "CZE"]
[SourceTitle "EXT 2007"]
[Source "ChessBase"]
[SourceDate "2006.11.23"]
[SourceVersion "1"]
[SourceVersionDate "2006.11.23"]
[SourceQuality "1"]

1. e4 d5 2. exd5 Qxd5 3. Nc3 Qa5 4. b4 Qxb4 5. Rb1 Qd6 6. d4 c6 7. Nf3 Nf6 8. Ne5 e6 9. Bf4 Qd8 10. Bc4 Bd6 11. 0-0 0-0 12. Re1 Qc7 13. Bg3 Nbd7 14. Bd3 Nb6 15. Ne4 Nxe4 16. Rxe4 f5 17. Rh4 g6 18. Qd2 Nd5 19. c4 Nf6 20. c5 Bxe5 21. Bxe5 Qd8 22. Qh6 Rf7 23. Bc4 b5 24. Bb3 a5 25. a3 Raa7 26. h3 Rab7 27. g4 a4 28. Bd1 Qf8 29. Qg5 Rbd7 30. Bf3 Bb7 31. Re1 Qd8 32. gxf5 exf5 33. Kh1 Qf8 34. Bd1 Rde7 35. Bc2 Bc8 36. Rg1 Qg7 37. Kh2 Be6 38. Qd2 Rd7 39. Qa5 Qf8 40. Qa6 Bd5 41. Qa5 Rg7 42. Qd2 Qe7 43. Rh6 Qe6 44. Qg5 Rdf7 45. Re1 Be4 46. Bxe4 fxe4 47. Rh4 Rf8 48. Rf4 Rgf7 49. Bd6 Re8 50. Be5 Nd5 51. Rfxe4 Rxf2+ 52. Kg1 Rf5 53. Qh6 Qf7 54. Qh4 Rf8 55. Bd6 Rf1+ 56. Kh2 Rf2+ 57. Kg1 Qf3 58. Qg3 Rf1+ 59. Kh2 Qh1# 0-1

[Event "CZE-chTJ 0102"]
[Site "Czech Republic"]
[Date "2002.??.??"]
[Round "2"]
[White "Svoboda, Milos"]
[Black "Muron, Miroslav"]
[Result "1/2-1/2"]
[WhiteElo "2211"]
[BlackElo "2201"]
[PlyCount "107"]
[EventDate "2001.??.??"]
[EventType "team"]
[EventRounds "11"]
[EventCountry "CZE"]
[SourceTitle "EXT 2003"]
[Source "ChessBase"]
[SourceDate "2002.11.25"]
[SourceVersion "1"]
[SourceVersionDate "2002.11.25"]
[SourceQuality "1"]
[WhiteTeam "Plzen Letna"]
[BlackTeam "Praha Dukla II"]
[WhiteTeamCountry "CZE"]
[BlackTeamCountry "CZE"]

1. d4 Nf6 2. Bg5 g6 3. Nd2 d5 4. e3 Bg7 5. f4 Bg4 6. Be2 Bxe2 7. Qxe2 0-0 8. Ngf3 c5 9. c3 Nfd7 10. 0-0 Nc6 11. Ne5 Ndxe5 12. fxe5 f6 13. exf6 exf6 14. Bh4 Qe7 15. Qf3 Qd7 16. Rad1 cxd4 17. exd4 Rae8 18. Rfe1 Bh6 19. Nf1 f5 20. Bf2 Nd8 21. Be3 Bxe3+ 22. Rxe3 Nf7 23. Rde1 Ng5 24. Qd1 Ne4 25. Nd2 f4 26. R3e2 Ng5 27. Re5 Rxe5 28. Rxe5 Nf7 29. Re2 Qf5 30. Nf3 g5 31. Ne5 Nd6 32. h3 Ne4 33. Ng4 Kh8 34. Ne5 Ng3 35. Re1 h5 36. Qf3 g4 37. hxg4 hxg4 38. Qxg4 Qxg4 39. Nxg4 Ne4 40. Ne5 Kg7 41. c4 Rd8 42. c5 Rh8 43. Nd3 Rh4 44. b4 Kf6 45. b5 f3 46. Rf1 Ng5 47. c6 bxc6 48. bxc6 Ke7 49. Ne5 Kd6 50. Rc1 fxg2 51. Kxg2 Rh7 52. Nd7 Ne6 53. Nf6 Rh8 54. Rc3 1/2-1/2

[Event "CZE-chTJ 0102"]
[Site "Czech Republic"]
[Date "2002.??.??"]
[Round "2"]
[White "Svoboda, Milos"]
[Black "Ondrejat, Miroslav"]
[Result "1-0"]
[WhiteElo "2211"]
[BlackElo "2134"]
[PlyCount "73"]
[EventDate "2001.??.??"]
[EventType "team"]
[EventRounds "11"]
[EventCountry "CZE"]
[SourceTitle "EXT 2003"]
[Source "ChessBase"]
[SourceDate "2002.11.25"]
[SourceVersion "1"]
[SourceVersionDate "2002.11.25"]
[SourceQuality "1"]
[WhiteTeam "Plzen Letna"]
[BlackTeam "Sokolov"]
[WhiteTeamCountry "CZE"]
[BlackTeamCountry "CZE"]

1. d4 Nf6 2. Bg5 d5 3. e3 Bf5 4. Bd3 Bxd3 5. Qxd3 c6 6. Nd2 Nbd7 7. f4 e6 8. Ngf3 Be7 9. 0-0 c5 10. c3 c4 11. Qe2 b5 12. e4 dxe4 13. Nxe4 0-0 14. Bxf6 Nxf6 15. Ne5 Nxe4 16. Qxe4 Qd5 17. Qe2 f6 18. Ng4 Rfe8 19. Rae1 Bf8 20. Ne3 Qd7 21. Rf3 e5 22. dxe5 fxe5 23. f5 Rad8 24. Ng4 Bc5+ 25. Kh1 Qd2 26. Qe4 h5 27. f6 hxg4 28. f7+ Kh8 29. fxe8Q+ Rxe8 30. Rf5 Qd3 31. Qxg4 Rf8 32. Rh5+ Kg8 33. Qe6+ Rf7 34. Rhxe5 Bf2 35. Ra1 Bh4 36. Rxb5 g6 37. Rd5 1-0

[Event "CZE-chTJ 0102"]
[Site "Czech Republic"]
[Date "2001.??.??"]
[Round "2"]
[White "Kriz, Lubos"]
[Black "Svoboda, Milos"]
[Result "1/2-1/2"]
[WhiteElo "2108"]
[BlackElo "2211"]
[PlyCount "69"]
[EventDate "2001.??.??"]
[EventType "team"]
[EventRounds "11"]
[EventCountry "CZE"]
[SourceTitle "EXT 2003"]
[Source "ChessBase"]
[SourceDate "2002.11.25"]
[SourceVersion "1"]
[SourceVersionDate "2002.11.25"]
[SourceQuality "1"]
[WhiteTeam "Domazlice"]
[BlackTeam "Plzen Letna"]
[WhiteTeamCountry "CZE"]
[BlackTeamCountry "CZE"]

1. e4 d5 2. exd5 Qxd5 3. Nc3 Qa5 4. Bc4 Nf6 5. h3 e5 6. Qf3 Bd6 7. Nd5 Nbd7 8. c3 e4 9. Qf5 Qc5 10. Nxf6+ Nxf6 11. Qxc5 Bxc5 12. d4 exd3 13. Bxd3 0-0 14. Ne2 Rd8 15. Bc2 Re8 16. Bg5 Bd7 17. Bd3 Ne4 18. Bxe4 Rxe4 19. f3 Re6 20. 0-0-0 Rxe2 21. Rxd7 Bd6 22. g4 Kf8 23. Rd1 Ke8 24. R1xd6 cxd6 25. Rxb7 f6 26. Rxg7 Kf8 27. Bh6 Rae8 28. Rxh7+ Kg8 29. Rg7+ Kh8 30. Rxa7 Rf2 31. Kd1 Rxb2 32. Rd7 Rxa2 33. g5 Rb8 34. Kc1 Re8 35. Kd1 1/2-1/2

[Event "CZE-chTJ 0001"]
[Site "Czech Republic"]
[Date "2001.??.??"]
[Round "4"]
[White "Ptacnik, Stanislav"]
[Black "Svoboda, Milos"]
[Result "1/2-1/2"]
[WhiteElo "2140"]
[BlackElo "2200"]
[PlyCount "40"]
[EventDate "2000.??.??"]
[EventType "team"]
[EventRounds "11"]
[EventCountry "CZE"]
[SourceTitle "EXT 2003"]
[Source "ChessBase"]
[SourceDate "2002.11.25"]
[SourceVersion "1"]
[SourceVersionDate "2002.11.25"]
[SourceQuality "1"]

1. e4 d5 2. exd5 Qxd5 3. Nc3 Qa5 4. g3 e5 5. Bg2 Nf6 6. Nge2 c5 7. 0-0 Bd6 8. d3 0-0 9. Bg5 Nbd7 10. Ne4 Nxe4 11. Bxe4 h6 12. Bd2 Qd8 13. Nc3 f5 14. Bd5+ Kh7 15. a3 Nf6 16. Bg2 g5 17. Nd5 Nxd5 18. Bxd5 Qc7 19. Bxg5 Qg7 20. Bh4 f4 1/2-1/2

[Event "CZE-chTJ 0001"]
[Site "Czech Republic"]
[Date "2001.??.??"]
[Round "3"]
[White "Ptak, Pavel"]
[Black "Svoboda, Milos"]
[Result "0-1"]
[WhiteElo "2160"]
[BlackElo "2200"]
[PlyCount "76"]
[EventDate "2000.??.??"]
[EventType "team"]
[EventRounds "11"]
[EventCountry "CZE"]
[SourceTitle "EXT 2003"]
[Source "ChessBase"]
[SourceDate "2002.11.25"]
[SourceVersion "1"]
[SourceVersionDate "2002.11.25"]
[SourceQuality "1"]

1. d4 f5 2. g3 e6 3. Bg2 Nf6 4. Nh3 Be7 5. 0-0 0-0 6. c4 d6 7. Nc3 c6 8. e4 fxe4 9. Nxe4 Nxe4 10. Bxe4 Nd7 11. Nf4 Nf6 12. Bg2 e5 13. dxe5 dxe5 14. Nd3 e4 15. Nf4 Qxd1 16. Rxd1 Bg4 17. Rf1 g5 18. Nh3 h6 19. Be3 Rfd8 20. Rfc1 Rd7 21. Kf1 b6 22. Ng1 Rad8 23. h3 Be6 24. Ke2 b5 25. cxb5 cxb5 26. b3 a5 27. Rd1 a4 28. Rxd7 Rxd7 29. f3 axb3 30. axb3 exf3+ 31. Nxf3 Bxb3 32. Ne5 Rc7 33. Ra8+ Kg7 34. Nc6 Bd6 35. g4 Nd5 36. Bd4+ Kf7 37. Ne5+ Ke6 38. Re8+ Ne7 0-1

[Event "CZE-chTJ 0102"]
[Site "Czech Republic"]
[Date "2001.??.??"]
[Round "2"]
[White "Svoboda, Milos"]
[Black "Novak, Pavel"]
[Result "0-1"]
[WhiteElo "2211"]
[BlackElo "2254"]
[PlyCount "74"]
[EventDate "2001.??.??"]
[EventType "team"]
[EventRounds "11"]
[EventCountry "CZE"]
[SourceTitle "EXT 2003"]
[Source "ChessBase"]
[SourceDate "2002.11.25"]
[SourceVersion "1"]
[SourceVersionDate "2002.11.25"]
[SourceQuality "1"]
[WhiteTeam "Plzen Letna"]
[BlackTeam "Plzen Bolevec"]
[WhiteTeamCountry "CZE"]
[BlackTeamCountry "CZE"]

1. e4 e5 2. Bc4 Nf6 3. d3 c6 4. Qe2 Be7 5. Nf3 0-0 6. 0-0 d5 7. Bb3 Bg4 8. Nbd2 Nbd7 9. c3 Nh5 10. exd5 Nf4 11. Qe3 cxd5 12. d4 Bg5 13. Nxg5 Qxg5 14. Nf3 Qg6 15. Nxe5 Nxe5 16. Qxf4 Nd3 17. Qg3 Be2 18. Qxg6 hxg6 19. Bxd5 Bxf1 20. Kxf1 Nxc1 21. Rxc1 Rae8 22. c4 Re7 23. Bf3 Rd8 24. d5 Kf8 25. c5 Rc7 26. b4 b6 27. Ke2 a5 28. a3 axb4 29. axb4 bxc5 30. bxc5 Rdc8 31. c6 Ke7 32. h4 Kd6 33. g4 Rb8 34. Rc2 Rb3 35. Rd2 Re7+ 36. Kf1 Rxf3 37. Rc2 Rd3 0-1